Statistics for Name a Valid U.S. State #3

Click here to take the quiz!

General Stats

  • This quiz has been taken 347 times
    (295 since last reset)
  • The average score is 17 of 20

Answer Stats

Name a state ... Answer % Correct
with a population less than 750,000Alaska | Vermont | Wyoming
99%
bordering multiple Canadian provinces or territoriesAlaska | Maine | Minnesota | Montana |
New York | North Dakota
98%
that has hosted the Olympic gamesCalifornia | Georgia | Missouri | New York | Utah
97%
on Lake ErieMichigan | New York | Ohio | Pennsylvania
97%
that is a Four Corners stateArizona | Colorado | New Mexico | Utah
95%
bordering exactly two other statesFlorida | Rhode Island | South Carolina | Washington
94%
with a minimum elevation of at least 2,000 feetColorado | New Mexico | Utah | Wyoming
94%
without an A or E in their nameIllinois | Mississippi | Missouri | Ohio | Wyoming
93%
that had a national park in 1900California | Idaho | Montana | Washington | Wyoming
92%
that has a two-word state capitalArkansas | Iowa | Louisiana | Minnesota | Missouri |
Nevada | New Mexico | Oklahoma
92%
with a median home value >$400,000California | Hawaii | Massachusetts
88%
with fewer than 10 people per mi2 (excluding Alaska)Montana | Wyoming
87%
whose population increased >250% since 1960Alaska | Arizona | Florida | Nevada | Utah
86%
whose flag does not contain blueAlabama | California | Maryland | New Mexico
84%
that were border states in the Civil War in 1864Delaware | Kentucky | Maryland | Missouri | West Virginia
82%
where the majority of households
have gun ownership
Alaska | Arkansas | Idaho |
Montana | West Virginia | Wyoming
77%
with more than 140 cm of precipitation annuallyAlabama | Hawaii | Louisiana | Mississippi
71%
where Mark Twain livedCalifornia | Connecticut | Missouri | Nevada |
New York | Ohio | Pennsylvania
70%
whose capital ends in -ONMassachusetts | Mississippi | New Jersey |
West Virginia | Wisconsin
65%
that Interstate 35 goes throughIowa | Kansas | Minnesota | Missouri | Oklahoma | Texas
61%

Score Distribution

Percentile by Number Answered

Percent of People with Each Score

Your Score History

You have not taken this quiz since the last reset